Pokémon - Les attaques de Floravol - Statistiques

Statistiques générales
  • Ce quiz a été pris 15 fois
    7 depuis la dernière actualisation
  • Le résultat moyen est 14 sur 19
Statistiques - réponses
Niveaux
Types Noms des attaques % Correct
Niveau 28 Vol Acrobatie
100%
Niveau 6 Normal Mimi-Queue
100%
Niveau 10 Plante Poudre Dodo
100%
Niveau 8 Normal Charge
75%
Niveau 34 Insecte Demi-Tour
75%
Niveau 37 Plante Giga-Sangsue
75%
Niveau 24 Plante Méga-Sangsue
75%
Niveau 10 Plante Para-Spore
75%
Niveau 10 Poison Poudre Toxik
75%
Niveau 41 Vol Rebond
75%
Niveau 20 Plante Vampigraine
75%
Niveau 10 Fée Vent Féérique
75%
Départ Plante Vole-Vie
75%
Niveau 12 Plante Balle Graine
50%
Niveau 44 Ténèbres Souvenir
50%
Niveau 31 Plante Spore Coton
50%
Niveau 4 Plante Synthèse
50%
Niveau 15 Plante Synthèse
50%
Départ Normal Trempette
50%
Aucun quiz correspondant
Distribution des résultats
% des personnes avec chaque résultat
Percentile par nombre de réponses
Votre historique - résultats
Vous n’avez pas pris ce quiz depuis la dernière actualisation